000 00802nam a22002055i 4500
001 163422
003 ES-MaACL
005 20251015063143.0
008 950206s1867 fr |||| | fre d
040 _aCLM
100 1 _aReynaud, Jean,
_d1806-1863
_9131759
245 1 0 _aHistoire élémentaire des minéraux usuels /
_cpar Jean Reynaud.
250 _a2e. éd.
260 _aParis :
_bLibrairie de L. Hachette et Cie.,
_c1867 (
_fImp. Simon Raçon et Comp.)
300 _aIII, 311 p., [3] h. de lám. col. ;
_c18 cm.
490 1 _aBibliothéque des merveilles / publiée sous la direction de Edouard Charton
830 0 _aBibliothéque des merveilles / publiée sous la direction de Edouard Charton
_9188261
852 _aES-MaACL
_jD-1550
_z-- Enc. tela azul
999 _c163422
_d163422